30 längste Flüsse - Statistiken

Allgemein
  • Dieses Quiz wurde 37 mal gespielt
  • Das Durchschnittsergebnis liegt bei 25 aus 30
Antwortstatistiken
Rang Länge Fluss % Korrekt
2. 6'400 km Amazonas
100%
4. 6'051 km Mississippi
100%
1. 6'650 km Nil
100%
27. 2'857 km Donau
96%
9. 4'835 km Kongo
96%
13. 4'184 km Niger
92%
22. 3'034 km Rio Grande
92%
17. 3'530 km Wolga
92%
3. 6'380 km Jangtsekiang
88%
10. 4'692 km Lena
88%
12. 4'260 km Mackenzie
88%
6. 5'410 km Ob
88%
8. 4'845 km Huáng Hé
84%
5. 5'540 km Jenissei
84%
14. 3'998 km Paraná
84%
7. 5'052 km Amur
80%
11. 4'500 km Mekong
80%
15. 3'672 km Murray River
80%
19. 3'199 km Rio São Francisco
80%
30. 2'574 km Sambesi
80%
16. 3'596 km Schatt al-Arab
80%
20. 3'185 km Yukon River
80%
24. 3'010 km Orinoco
76%
28. 2'743 km Amudarja
72%
23. 3'019 km Syrdarja
72%
18. 3'450 km Meghna
68%
21. 3'180 km Indus
64%
29. 2'671 km Nelson River
60%
26. 2'930 km Sankt-Lorenz-Strom
60%
25. 2'980 km Saluen
56%
Keine übereinstimmenden Quizze gefunden
Verteilung der Resultate
Anzahl Personen mit jedem Resultat
Perzentil nach korrekt beantworteten Fragen
Ihre Resultats-Entwicklung
Sie haben dieses Quiz noch nicht gespielt